000 00638nam a2200181Ia 4500
999 _c29797
_d29797
003 OSt
005 20210112153827.0
008 190216s9999||||xx |||||||||||||| ||und||
020 _a9788124006153
040 _coclc
082 _a894.81201
_bPIL/M
100 _aPillai, Erumeli Parameswaran
_98106
245 0 _aMalayala Sahithyam Kalakhattangaliloote /
_cErumeli Parameswaran Pillai
260 _bCurrent Books,
_c2010.
_aKottayam:
300 _a576p
650 _aPsycology
942 _cBK
_2ddc
_h894.81201
_iPIL/M
_k894.81201
_mPIL/M